000 00411nam a2200181Ia 4500
008 210210b1876 xxu||||| |||| 00| 0 eng d
041 _aeng
082 _a942/49
100 _aCUSACK (M F)
245 _aIllustrated history of Ireland
260 _aLondon
_b-
_c1876
650 _aof
650 _aIreland
650 _aIllustrated
650 _ahistory
690 _aEuropean History
906 _a025456
999 _c151332
_d151332